| 000 | 00931nam a2200253 a 4500 | ||
|---|---|---|---|
| 001 | 000018709 | ||
| 005 | 20200929165837.0 | ||
| 008 | 100514s2010 dr c 000 0 spa d | ||
| 020 | _a9789945408331 | ||
| 040 |
_aDO-SdBNP _bspa _cBNPHU |
||
| 082 |
_a612.67 _bT693a |
||
| 100 | 1 |
_aTorres Veras, Mayobanex A. _940387 |
|
| 245 | 1 | 0 |
_aAprendamos a envejecer / _cMayobanez A. Torres Veras ; prólogo Luisa J. Torres Veras ; corrección Susana I. Torres Pezzotti. |
| 260 |
_aSanto Domingo : _bArgos, _c2010. |
||
| 300 |
_a191 p. : _bretrs. ; _c22 cm. |
||
| 500 | _aIncluye datos biográficos del autor en la contracubierta | ||
| 504 | _aBibliografía : p. 189-191 | ||
| 650 | 4 |
_aEnvejecimiento _xAspectos sociales _940388 |
|
| 650 | 4 |
_aAptitudes y edad _940389 |
|
| 650 | 4 |
_aAsistencia a la vejez _931087 |
|
| 700 | 1 |
_aTorres Veras, Luisa J., _epról. _940390 |
|
| 700 | 1 |
_aTorres Pezzotti, Susana I., _ecorr. _940391 |
|
| 049 | _aBNPD | ||
| 999 |
_c18229 _d18229 |
||